इंद्रभुवनगुहा (Record no. 978263)

MARC details
000 -LEADER
fixed length control field 00377nam a2200133Ia 4500
008 - FIXED-LENGTH DATA ELEMENTS--GENERAL INFORMATION
fixed length control field 151001s9999||||xx |||||||||||||| ||und||
100 ## - MAIN ENTRY--PERSONAL NAME
Personal name गो. ना. दातार
245 ## - TITLE STATEMENT
Title इंद्रभुवनगुहा
250 ## - EDITION STATEMENT
Edition statement 5
260 ## - PUBLICATION, DISTRIBUTION, ETC. (IMPRINT)
Name of publisher, distributor, etc श्रीराम प्रकाशन पुणे
260 ## - PUBLICATION, DISTRIBUTION, ETC. (IMPRINT)
Date of publication, distribution, etc 1999
300 ## - PHYSICAL DESCRIPTION
Extent 344
365 ## - TRADE PRICE
Price amount 21

No items available.